00342 a2200109 4500001001000000005001700010008004100027245005200068100002300120773007200143999001700215ART_2812920260410161951.0260409a 10aNotes on intertemporal trade in goods and money1 aDornbusch, Rudiger0 tJournal of applied economicsg- Vol. 1, NÂș 1 (nov. 1998)wREV28044 c30376d30376